Statistics for World Surf League Men's Championship

Click here to take the quiz!

General Stats

  • This quiz has been taken 47 times
    (32 since last reset)
  • The average score is 22 of 35

Answer Stats

YearPointsWinner% Correct
19986,398 Kelly Slater (USA)
100%
20068,124 Kelly Slater (USA)
100%
19927,765 Kelly Slater (USA)
100%
19978,260 Kelly Slater (USA)
100%
19969,540 Kelly Slater (USA)
100%
19946,660 Kelly Slater (USA)
100%
201168,100 Kelly Slater (USA)
100%
201069,000 Kelly Slater (USA)
100%
19956,040 Kelly Slater (USA)
100%
20088,042 Kelly Slater (USA)
100%
20057,962 Kelly Slater (USA)
100%
201759,600John John Florence (HAW)
86%
201658,850John John Florence (HAW)
86%
201462,800 Gabriel Medina (BRA)
82%
20078,136 Mick Fanning (AUS)
73%
201354,400 Mick Fanning (AUS)
73%
20097,140Mick Fanning (AUS)
73%
20038,964 Andy Irons (HAW)
68%
20028,102 Andy Irons (HAW)
68%
20047,824 Andy Irons (HAW)
68%
201557,700 Adriano De Souza (BRA)
55%
19935,510 Derek Ho (HAW)
55%
201258,700 Joel Parkinson (AUS)
45%
1986/87 13,115 Tom Curren (USA)
32%
1985/86 11,490 Tom Curren (USA)
32%
199017,612 Tom Curren (USA)
32%
20013,094 C. J. Hobgood (USA)
23%
19997,120 Mark Occhilupo (AUS)
23%
20007,270 Sunny Garcia (HAW)
18%
1984/85 9,460 Tom Carroll (AUS)
18%
1983/84 6,830 Tom Carroll (AUS)
18%
198920,665 Martin Potter (UK)
14%
198817,475 Barton Lynch (AUS)
9%
1987/88 13,690 Damien Hardman (AUS)
0%
199112,854 Damien Hardman (AUS)
0%

Score Distribution

Percentile by Number Answered

Percent of People with Each Score

Your Score History

You have not taken this quiz since the last reset